[Event "37th Reykjavik op"]
[Site "Reykjavik ISL"]
[Date "2024.03.16"]
[Round "2.36"]
[White "Manucharyan, Andriy"]
[Black "Tania, Sachdev"]
[WhiteElo "2080"]
[BlackElo "2393"]
[Result "0-1"]
[EventDate "2024.03.15"]
[PlyCount "67"]

1. e4 {[%eval 13,0]} c5 {[%eval 33,0]} 2. Nf3 {[%eval 22,0]} g6 {[%eval 64,0]}
3. c3 {[%eval 41,0]} d5 {[%eval 26,0]} 4. exd5 {[%eval 16,0]} Qxd5 {[%eval 44,
0]} 5. d4 {[%eval 31,0]} Nc6 {[%eval 52,0]} 6. Be3 {[%eval 6,0]} cxd4 {[%eval
81,0]} 7. cxd4 {[%eval 93,0]} Bg7 {[%eval 88,0]} 8. Nc3 {[%eval 66,0]} Qa5 {
[%eval 77,0]} 9. d5 {[%eval 74,0]} Nb8 $6 {[%eval 142,0] Inaccuracy. Ne5 was
best.} (9... Ne5 10. Nxe5) 10. Rc1 {[%eval 97,0]} Bd7 $2 {[%eval 221,0]
Mistake. Nf6 was best.} (10... Nf6 11. Be2 O-O 12. O-O e6 13. dxe6 Bxe6 14. Ng5
Rd8 15. b4 Rxd1 16. bxa5 Rxc1 17. Rxc1) 11. Qb3 {[%eval 214,0]} b5 {[%eval 202,
0]} 12. Bd2 {[%eval 194,0]} Qb6 $2 {[%eval 361,0] Mistake. b4 was best.} (12...
b4 13. Nb5 Na6 14. d6 e6 15. Nbd4 Nf6 16. Nc6 Bxc6 17. Rxc6 Nc5 18. Qc4 Ncd7
19. Rc8+) 13. Nxb5 {[%eval 353,0]} Na6 {[%eval 331,0]} 14. Bf4 {[%eval 262,0]}
Qa5+ {[%eval 326,0]} 15. Bd2 {[%eval 302,0]} Qb6 {[%eval 295,0]} 16. Qa4 {
[%eval 206,0]} Rb8 $2 {[%eval 438,0] Mistake. Nc5 was best.} (16... Nc5 17. Qa5
Rc8 18. Qxa7 Qxa7 19. Nxa7 Ra8 20. Nb5 Na6 21. Bc4 Bxb2 22. Rb1 Bg7 23. O-O)
17. Qxa6 {[%eval 454,0]} Bxb5 {[%eval 458,0]} 18. Rc8+ {[%eval 425,0]} Kd7 {
[%eval 435,0]} 19. Rxb8 {[%eval 384,0]} Bxa6 {[%eval 446,0]} 20. Rxb6 {[%eval
436,0]} Bxf1 {[%eval 398,0]} 21. Rb3 {[%eval 368,0]} Bxg2 {[%eval 367,0]} 22.
Rg1 {[%eval 335,0]} Bxf3 {[%eval 351,0]} 23. Rxf3 {[%eval 344,0]} Bxb2 $6 {
[%eval 457,0] Inaccuracy. Nf6 was best.} (23... Nf6 24. Bc3 Rb8 25. Ke2 Kd6 26.
Rd1 a5 27. a3 Bh8 28. Ke1 Ne4 29. Bxh8 Rxh8 30. Rxf7) 24. Rb3 {[%eval 437,0]}
Be5 {[%eval 468,0]} 25. Rb7+ {[%eval 406,0]} Kd6 {[%eval 496,0]} 26. Rg5 $2 {
[%eval 209,0] Mistake. Bb4+ was best.} (26. Bb4+ Kxd5 27. Rb5+ Ke6 28. Rxe5+
Kxe5 29. Bc3+ Ke6 30. Bxh8 f6 31. Rg3 Kf7 32. Ra3 h5) 26... f5 {[%eval 300,0]}
27. f4 {[%eval 264,0]} Bd4 $6 {[%eval 384,0] Inaccuracy. Ba1 was best.} (27...
Ba1 28. Rg3 Nf6 29. Rd3 Nxd5 30. Rxa7 Rd8 31. a4 e5 32. fxe5+ Bxe5 33. Bg5 Re8
34. Ra6+) 28. Rg3 {[%eval 445,0]} Nf6 {[%eval 405,0]} 29. Rd3 {[%eval 352,0]}
Bc5 $6 {[%eval 496,0] Inaccuracy. Kc5 was best.} (29... Kc5 30. Rb4) 30. Bc3 {
[%eval 493,0]} Bg1 {[%eval 588,0]} 31. Be5+ {[%eval 579,0]} Kc5 {[%eval 574,0]}
32. Rc7+ {[%eval 551,0]} Kb6 {[%eval 565,0]} 33. Rxe7 {[%eval 556,0]} Rf8 {
[%eval 646,0]} 34. Re6+ {[%eval 601,0]} 0-1

[Event "37th Reykjavik op"]
[Site "Reykjavik ISL"]
[Date "2024.03.16"]
[Round "2.37"]
[White "Lu, Miaoyi"]
[Black "Baldursson, Rani"]
[WhiteElo "2392"]
[BlackElo "1989"]
[Result "1-0"]
[EventDate "2024.03.15"]
[PlyCount "78"]

1. Nf3 {[%eval 2,0]} d5 {[%eval 2,0]} 2. c4 {[%eval 0,0]} dxc4 {[%eval 37,0]}
3. Qa4+ {[%eval 17,0]} Nd7 {[%eval 19,0]} 4. Qxc4 {[%eval 11,0]} e6 {[%eval 4,
0]} 5. g3 {[%eval 0,0]} a6 {[%eval 7,0]} 6. Qc2 {[%eval 11,0]} b5 {[%eval 3,0]}
7. Bg2 {[%eval 0,0]} Bb7 {[%eval 0,0]} 8. O-O {[%eval 5,0]} Ngf6 {[%eval 7,0]}
9. a4 {[%eval 4,0]} c5 {[%eval 1,0]} 10. Nc3 {[%eval 4,0]} Qb6 {[%eval 7,0]}
11. d3 {[%eval 4,0]} Be7 {[%eval 3,0]} 12. Qb3 {[%eval 12,0]} b4 {[%eval 1,0]}
13. a5 {[%eval 4,0]} Qd8 {[%eval 25,0]} 14. Nb1 {[%eval 21,0]} O-O {[%eval 23,
0]} 15. Nbd2 {[%eval 17,0]} Rc8 {[%eval 37,0]} 16. Nc4 {[%eval 37,0]} Bc6 {
[%eval 48,0]} 17. Qc2 {[%eval 35,0]} Qc7 {[%eval 44,0]} 18. Bf4 {[%eval 42,0]}
Qa7 {[%eval 4,0]} 19. Rfe1 {[%eval 34,0]} Nd5 {[%eval 37,0]} 20. Bd6 {[%eval
34,0]} Bxd6 {[%eval 33,0]} 21. Nxd6 {[%eval 35,0]} Rb8 {[%eval 44,0]} 22. e4 {
[%eval 41,0]} Ne7 {[%eval 48,0]} 23. b3 $6 {[%eval 42,0] Inaccuracy. d4 was
best.} (23. d4 cxd4) 23... Qc7 {[%eval 46,0]} 24. Nc4 {[%eval 39,0]} Nc8 $2 {
[%eval 78,0] Mistake. Bb5 was best.} (24... Bb5 25. Rec1) 25. Qd2 $2 {[%eval
56,0] Mistake. d4 was best.} (25. d4) 25... Bb5 {[%eval 52,0]} 26. e5 {[%eval
56,0]} Bc6 {[%eval 14,0]} 27. Qf4 {[%eval 61,0]} Ne7 {[%eval 66,0]} 28. Qg5 {
[%eval 89,0]} Ng6 $6 {[%eval 25,0] Inaccuracy. Nf5 was best.} (28... Nf5 29.
Rac1 Bxf3 30. Bxf3 Rbd8 31. Bd1 Nb8 32. Nd6 Nd4 33. Rc4 f6 34. Qc1 fxe5 35. Ne4
) 29. Nh4 {[%eval 22,0]} Bxg2 {[%eval 0,0]} 30. Kxg2 $6 {[%eval 85,0]
Inaccuracy. Nxg6 was best.} (30. Nxg6 hxg6 31. Kxg2 Rbd8 32. Rac1 Qb7+ 33. Kg1
Nb8 34. Nd6 Qd5 35. Qe3 Nd7 36. Nc4 Nb8) 30... Ngxe5 {[%eval 87,0]} 31. Nxe5 {
[%eval 85,0]} f6 {[%eval 89,0]} 32. Qg4 {[%eval 78,0]} Nxe5 {[%eval 86,0]} 33.
Qxe6+ {[%eval 89,0]} Qf7 {[%eval 66,0]} 34. Qxa6 $6 {[%eval -21,0] Inaccuracy.
Qxf7+ was best.} (34. Qxf7+ Kxf7) 34... Qxb3 {[%eval -46,0]} 35. Qd6 $2 {
[%eval -106,0] Mistake. Nf5 was best.} (35. Nf5 Qd5+) 35... Rbd8 {[%eval -137,
0]} 36. Qc7 $2 {[%eval -378,0] Mistake. Reb1 was best.} (36. Reb1 Rxd6 37. Rxb3
Rxd3 38. Rxd3 Nxd3 39. Nf3 Kf7 40. Kf1 Ke6 41. a6 Kd5 42. a7 Ra8) 36... Qd5+ {
[%eval -374,0]} 37. Kg1 {[%eval -364,0]} g5 {[%eval -389,0]} 38. f4 {[%eval
-337,0]} Rd7 {[%eval -339,0]} 39. Qb6 {[%eval -331,0]} Nxd3 {[%eval -337,0]}
1-0

[Event "37th Reykjavik op"]
[Site "Reykjavik ISL"]
[Date "2024.03.16"]
[Round "2.38"]
[White "Botez, Alexandra"]
[Black "Sidhant, Mohapatra"]
[WhiteElo "1986"]
[BlackElo "2379"]
[Result "0-1"]
[EventDate "2024.03.15"]
[PlyCount "142"]

1. d4 {[%eval 15,0]} Nf6 {[%eval 16,0]} 2. c4 {[%eval 16,0]} e6 {[%eval 21,0]}
3. Nc3 {[%eval 8,0]} Bb4 {[%eval 12,0]} 4. e3 {[%eval 0,0]} O-O {[%eval 21,0]}
5. Bd3 {[%eval 4,0]} d5 {[%eval 12,0]} 6. Nf3 {[%eval 0,0]} c5 {[%eval 17,0]}
7. O-O {[%eval 0,0]} cxd4 {[%eval 13,0]} 8. exd4 {[%eval 1,0]} dxc4 {[%eval 9,
0]} 9. Bxc4 {[%eval 14,0]} b6 {[%eval 11,0]} 10. Ne5 {[%eval 0,0]} Bb7 {
[%eval 0,0]} 11. Bg5 {[%eval 0,0]} h6 {[%eval 9,0]} 12. Bh4 {[%eval 0,0]} Be7 {
[%eval 54,0]} 13. Re1 {[%eval 54,0]} Nc6 {[%eval 47,0]} 14. Nf3 $2 {[%eval 65,
0] Mistake. Ba6 was best.} (14. Ba6 Qc8 15. Qf3 Na5 16. Bxb7 Qxb7 17. Qxb7 Nxb7
18. Nc6 Bd8 19. Rac1 g5 20. Bg3 Na5) 14... Rc8 {[%eval 71,0]} 15. Bb3 {[%eval
75,0]} Na5 {[%eval 75,0]} 16. d5 {[%eval -98,0]} Nxb3 $6 {[%eval 37,0]
Inaccuracy. Nxd5 was best.} (16... Nxd5 17. Bxd5 Bxh4 18. Bxb7 Nxb7 19. Qa4
Bxf2+ 20. Kxf2 Nc5 21. Qb5 a6 22. Qe2 Nd3+ 23. Kg1) 17. axb3 {[%eval 39,0]}
Nxd5 {[%eval 53,0]} 18. Bxe7 {[%eval 69,0]} Nxe7 {[%eval 67,0]} 19. Rxa7 {
[%eval 66,0]} Qxd1 {[%eval 62,0]} 20. Rxd1 {[%eval 65,0]} Bxf3 {[%eval 72,0]}
21. gxf3 {[%eval 8,0]} Nc6 {[%eval 5,0]} 22. Rb7 {[%eval 64,0]} Rb8 {[%eval 72,
0]} 23. Rxb8 {[%eval 75,0]} Rxb8 {[%eval 7,0]} 24. Na4 {[%eval -88,0]} b5 {
[%eval -96,0]} 25. Nc5 {[%eval -99,0]} Rc8 {[%eval 97,0]} 26. Kg2 {[%eval -84,
0]} Nb4 {[%eval -85,0]} 27. Ne4 {[%eval -65,0]} Nd5 {[%eval -48,0]} 28. Rd2 {
[%eval -35,0]} f5 $6 {[%eval 91,0] Inaccuracy. Rc1 was best.} (28... Rc1 29. h4
Kf8 30. Nd6 Rc5 31. Ne4 Rc7 32. Kg3 Ke7 33. Rd3 b4 34. f4 Rc2 35. f5) 29. Nc3 {
[%eval 94,0]} Nf4+ {[%eval -96,0]} 30. Kg3 {[%eval -100,0]} g5 {[%eval 92,0]}
31. Ne2 $6 {[%eval -13,0] Inaccuracy. h4 was best.} (31. h4) 31... Ng6 {
[%eval -24,0]} 32. f4 {[%eval -15,0]} Kf7 {[%eval -17,0]} 33. fxg5 {[%eval -2,
0]} hxg5 {[%eval -191,0]} 34. f3 {[%eval -176,0]} b4 {[%eval -186,0]} 35. Kf2 {
[%eval -183,0]} Rh8 {[%eval -2,0]} 36. Kg2 {[%eval -174,0]} Rc8 {[%eval -32,0]}
37. Kf2 $6 {[%eval -161,0] Inaccuracy. h3 was best.} (37. h3 Ne7 38. f4 gxf4
39. Nxf4 e5 40. Nd3 e4 41. Nxb4 Kf6 42. Na2 Rh8 43. Nc3 Ng6) 37... Kf6 {
[%eval -174,0]} 38. Kg2 {[%eval -196,0]} Rc6 {[%eval -172,0]} 39. Kf2 {[%eval
-137,0]} e5 {[%eval -173,0]} 40. Ke3 $6 {[%eval -299,0] Inaccuracy. Ng3 was
best.} (40. Ng3 Nh4 41. Nf1 Rc1 42. Ne3 Rh1 43. Nf1 Nxf3 44. Rd6+ Ke7 45. Rb6
Nh4 46. Rxb4 f4) 40... Ke6 {[%eval -124,0]} 41. Rd8 {[%eval -262,0]} Rc2 {
[%eval -235,0]} 42. Rd2 $6 {[%eval -324,0] Inaccuracy. Kd3 was best.} (42. Kd3
Rxb2) 42... Rc8 $6 {[%eval -274,0] Inaccuracy. f4+ was best.} (42... f4+ 43.
Kd3 Rxd2+ 44. Kxd2 Nh4 45. Ng1 Kf5 46. Ke1 g4 47. fxg4+ Kxg4 48. Ne2 e4 49. Kf1
) 43. Kf2 {[%eval -206,0]} Ne7 $6 {[%eval -133,0] Inaccuracy. f4 was best.} (
43... f4 44. Ng1 Nh4 45. Re2 Kf5 46. Ke1 Rc1+ 47. Kf2 Rd1 48. Rc2 Rd3 49. Re2
Rxb3 50. Rc2) 44. Kg3 $6 {[%eval -291,0] Inaccuracy. h4 was best.} (44. h4 gxh4
45. f4 e4 46. Kg2 Rc5 47. Nd4+ Kf7 48. Ne2 Ng6 49. Kg1 Ke6 50. Rd8 h3) 44...
Nd5 {[%eval -222,0]} 45. h3 {[%eval -397,0]} Ne3 {[%eval -379,0]} 46. Kf2 {
[%eval -391,0]} f4 {[%eval -218,0]} 47. Ng3 {[%eval -397,0]} fxg3+ {[%eval
-383,0]} 48. Kxe3 {[%eval -377,0]} Rh8 {[%eval -386,0]} 49. Rg2 {[%eval -208,0]
} Rxh3 {[%eval -367,0]} 50. Ke4 {[%eval -367,0]} Kf6 {[%eval -397,0]} 51. Rg1 {
[%eval -373,0]} Rh4+ {[%eval -399,0]} 52. Ke3 {[%eval -345,0]} Rh2 {[%eval
-346,0]} 53. Rxg3 {[%eval -354,0]} Rxb2 {[%eval -354,0]} 54. Ke4 {[%eval -348,
0]} Rxb3 {[%eval -394,0]} 55. Rg1 {[%eval -394,0]} Rc3 {[%eval -359,0]} 56. Ra1
{[%eval -334,0]} Rc4+ {[%eval -343,0]} 57. Kd3 {[%eval -331,0]} Rf4 {[%eval
-333,0]} 58. Ke3 {[%eval -348,0]} Rc4 {[%eval -399,0]} 59. Kd3 {[%eval -346,0]}
Rd4+ {[%eval -395,0]} 60. Ke3 {[%eval -345,0]} Rd6 {[%eval -343,0]} 61. Ke4 {
[%eval -486,0]} b3 {[%eval -473,0]} 62. Rb1 {[%eval -499,0]} Rb6 {[%eval -499,
0]} 63. Rb2 {[%eval -481,0]} Ke6 {[%eval -499,0]} 64. Kd3 {[%eval -496,0]} Kf5
{[%eval -449,0]} 65. Ke3 {[%eval -456,0]} Rb8 {[%eval -468,0]} 66. Ke2 {
[%eval -498,0]} Kf4 {[%eval -492,0]} 67. Kf2 {[%eval -466,0]} Rb7 {[%eval -499,
0]} 68. Kg2 {[%eval -454,0]} e4 {[%eval -311,0]} 69. fxe4 {[%eval -311,0]} Kxe4
{[%eval -454,0]} 70. Kg3 {[%eval -456,0]} Kd3 {[%eval -404,0]} 71. Kg4 {
[%eval -334,0]} Kc3 {[%eval -356,0]} 0-1

[Event "37th Reykjavik op"]
[Site "Reykjavik ISL"]
[Date "2024.03.16"]
[Round "2.39"]
[White "Alic, Miran"]
[Black "Botez, Andrea"]
[WhiteElo "2033"]
[BlackElo "1825"]
[Result "1-0"]
[EventDate "2024.03.15"]
[PlyCount "91"]

1. d4 {[%eval 15,0]} Nf6 {[%eval 16,0]} 2. Nf3 {[%eval 12,0]} g6 {[%eval 21,0]}
3. g3 {[%eval 0,0]} Bg7 {[%eval 13,0]} 4. Bg2 {[%eval 12,0]} d6 {[%eval 52,0]}
5. O-O {[%eval 41,0]} O-O {[%eval 36,0]} 6. b3 {[%eval 0,0]} c6 {[%eval 45,0]}
7. Bb2 {[%eval 28,0]} Nbd7 {[%eval 4,0]} 8. Re1 {[%eval 44,0]} Re8 {[%eval 58,
0]} 9. e4 {[%eval 5,0]} Qc7 {[%eval 75,0]} 10. e5 {[%eval 81,0]} dxe5 {[%eval
73,0]} 11. dxe5 {[%eval 78,0]} Ng4 {[%eval 98,0]} 12. Qe2 {[%eval 88,0]} Nc5 $6
{[%eval 149,0] Inaccuracy. Rd8 was best.} (12... Rd8) 13. Qc4 {[%eval 101,0]}
b6 {[%eval 109,0]} 14. Ng5 {[%eval 67,0]} Nh6 $6 {[%eval 124,0] Inaccuracy.
Rf8 was best.} (14... Rf8) 15. e6 {[%eval 75,0]} f6 {[%eval 63,0]} 16. Nf7 {
[%eval 47,0]} Ba6 {[%eval 75,0]} 17. Nxh6+ {[%eval 71,0]} Bxh6 {[%eval 74,0]}
18. Qg4 $6 {[%eval 11,0] Inaccuracy. Qh4 was best.} (18. Qh4 Bg7) 18... Rad8 {
[%eval 7,0]} 19. f4 {[%eval 0,0]} f5 {[%eval 1,0]} 20. Qf3 {[%eval 3,0]} Ne4 $4
{[%eval 228,0] Blunder. Bg7 was best.} (20... Bg7 21. Bxg7 Kxg7 22. Qc3+ Kg8
23. b4 Ne4 24. Bxe4 fxe4 25. Nd2 c5 26. Nxe4 Bb7 27. bxc5) 21. Rxe4 {[%eval
248,0]} Bg7 {[%eval 204,0]} 22. Re5 {[%eval 222,0]} Qd6 {[%eval 237,0]} 23. Na3
{[%eval 225,0]} Bxe5 {[%eval 239,0]} 24. fxe5 {[%eval 242,0]} Qd2 {[%eval 267,
0]} 25. Qf2 $6 {[%eval 194,0] Inaccuracy. Qf4 was best.} (25. Qf4 Qa5 26. Nc4
Bxc4 27. Qxc4 Qd2 28. Qc3 c5 29. Bf3 b5 30. Bc6 Rf8 31. Bd7 Qg5) 25... Qxf2+ $6
{[%eval 289,0] Inaccuracy. Qd1+ was best.} (25... Qd1+ 26. Qe1) 26. Kxf2 {
[%eval 275,0]} Rd2+ {[%eval 291,0]} 27. Kg1 {[%eval 306,0]} Red8 {[%eval 279,0]
} 28. Bxc6 $6 {[%eval 204,0] Inaccuracy. Bf3 was best.} (28. Bf3) 28... b5 $2 {
[%eval 406,0] Mistake. Rd1+ was best.} (28... Rd1+) 29. b4 $6 {[%eval 321,0]
Inaccuracy. Bc3 was best.} (29. Bc3 Re2 30. Re1 Rxe1+ 31. Bxe1 Rd1 32. Kf2 Ra1
33. Bxb5 Bb7 34. Bd3 Rxa2 35. Bb4 Kf8) 29... Bc8 {[%eval 321,0]} 30. Bf3 $6 {
[%eval 236,0] Inaccuracy. Bxb5 was best.} (30. Bxb5 Bxe6 31. Re1 Bxa2 32. Bc3
R2d5 33. Be2 Rc8 34. Bb2 Rd2 35. Bc1 Rd5 36. c4 Rxe5) 30... Bxe6 {[%eval 237,0]
} 31. Bc3 {[%eval 184,0]} R2d7 {[%eval 231,0]} 32. Nxb5 {[%eval 223,0]} a6 $6 {
[%eval 299,0] Inaccuracy. Rc8 was best.} (32... Rc8 33. Be1 Rxc2 34. a4 a6 35.
Na3 Rb2 36. Bc6 Rd3 37. b5 axb5 38. Nxb5 Bc4 39. Nc7) 33. Na3 {[%eval 278,0]}
g5 {[%eval 206,0]} 34. h3 {[%eval 218,0]} g4 $6 {[%eval 332,0] Inaccuracy. f4
was best.} (34... f4 35. gxf4 Rf8 36. f5 Bxf5 37. Be2 Bxh3 38. b5 Rc7 39. Bc4+
Rxc4 40. Nxc4 axb5 41. Ne3) 35. hxg4 {[%eval 333,0]} fxg4 {[%eval 307,0]} 36.
Be4 {[%eval 283,0]} Rd1+ {[%eval 341,0]} 37. Rxd1 {[%eval 352,0]} Rxd1+ {
[%eval 304,0]} 38. Kf2 {[%eval 321,0]} Bxa2 {[%eval 368,0]} 39. Bb7 {[%eval
375,0]} e6 {[%eval 442,0]} 40. Bxa6 {[%eval 459,0]} Rh1 {[%eval 511,0]} 41. Bb7
{[%eval 457,0]} Rd1 {[%eval 535,0]} 42. b5 {[%eval 524,0]} Kf7 {[%eval 564,0]}
43. b6 {[%eval 577,0]} Rd8 {[%eval 557,0]} 44. Be4 {[%eval 568,0]} Bd5 {
[%eval 601,0]} 45. Bxd5 {[%eval 591,0]} exd5 {[%eval 586,0]} 46. Bd4 {[%eval
578,0]} 1-0

[Event "37th Reykjavik op"]
[Site "Reykjavik ISL"]
[Date "2024.03.16"]
[Round "2.40"]
[White "Arun, Nitish"]
[Black "Saine, Zachary"]
[WhiteElo "1808"]
[BlackElo "2010"]
[Result "1/2-1/2"]
[EventDate "2024.03.15"]
[PlyCount "119"]

1. d4 {[%eval 15,0]} d5 {[%eval 25,0]} 2. c4 {[%eval 26,0]} e6 {[%eval 28,0]}
3. Nc3 {[%eval 24,0]} c5 {[%eval 63,0]} 4. e3 {[%eval 12,0]} dxc4 {[%eval 15,0]
} 5. Bxc4 {[%eval 13,0]} a6 {[%eval 1,0]} 6. a4 {[%eval 24,0]} Nc6 {[%eval 12,
0]} 7. Nf3 {[%eval 1,0]} Nf6 {[%eval 5,0]} 8. O-O {[%eval 14,0]} b6 {[%eval 68,
0]} 9. d5 {[%eval 6,0]} Na5 {[%eval 64,0]} 10. Ba2 {[%eval 71,0]} exd5 $6 {
[%eval 145,0] Inaccuracy. Nxd5 was best.} (10... Nxd5 11. Nxd5) 11. Nxd5 $6 {
[%eval 54,0] Inaccuracy. e4 was best.} (11. e4 Ra7) 11... Bb7 $6 {[%eval 135,0]
Inaccuracy. Nxd5 was best.} (11... Nxd5 12. Bxd5) 12. e4 {[%eval 135,0]} Be7 {
[%eval 126,0]} 13. Bf4 {[%eval 129,0]} Nxd5 {[%eval 133,0]} 14. exd5 {[%eval
126,0]} O-O {[%eval 131,0]} 15. d6 {[%eval 122,0]} Bf6 {[%eval 114,0]} 16. Ne5
{[%eval 101,0]} Bxe5 {[%eval 122,0]} 17. Bxe5 {[%eval 125,0]} Nc6 {[%eval 162,
0]} 18. Bc3 {[%eval 107,0]} Qh4 {[%eval 122,0]} 19. Qf3 {[%eval 92,0]} Rad8 {
[%eval 97,0]} 20. Rfd1 $6 {[%eval 37,0] Inaccuracy. Rad1 was best.} (20. Rad1
Ba8 21. Qf5 Nd4 22. Bxd4 cxd4 23. Qe5 d3 24. Rxd3 Qxa4 25. Bb3 Qe4 26. Qg3 Bc6)
20... Ba8 {[%eval 35,0]} 21. Qg3 {[%eval 42,0]} Qxg3 {[%eval 35,0]} 22. fxg3 {
[%eval 34,0]} Rd7 {[%eval 26,0]} 23. Bc4 {[%eval 32,0]} Rfd8 {[%eval 3,0]} 24.
Rf1 {[%eval 3,0]} b5 $2 {[%eval 168,0] Mistake. h6 was best.} (24... h6 25. Rf4
Nd4 26. b4 Rxd6 27. Bxf7+ Kh7 28. bxc5 bxc5 29. Bc4 Bd5 30. Bf1 Bb3 31. h3) 25.
axb5 {[%eval 162,0]} axb5 {[%eval 177,0]} 26. Bxb5 {[%eval 185,0]} Rxd6 {
[%eval 169,0]} 27. Bc4 {[%eval 182,0]} R6d7 {[%eval 177,0]} 28. Rf5 {[%eval
183,0]} Nd4 {[%eval 177,0]} 29. Rf2 $4 {[%eval 7,0] Blunder. Rxc5 was best.} (
29. Rxc5) 29... Bd5 {[%eval 1,0]} 30. Bxd5 {[%eval 0,0]} Rxd5 {[%eval 0,0]} 31.
Bxd4 {[%eval 0,0]} cxd4 {[%eval 0,0]} 32. Rd2 {[%eval 0,0]} f6 {[%eval 0,0]}
33. Rad1 {[%eval 0,0]} Kf7 {[%eval 0,0]} 34. Kf2 {[%eval 0,0]} Ke6 {[%eval 2,0]
} 35. Kf3 {[%eval 3,0]} Rf5+ {[%eval 0,0]} 36. Ke4 {[%eval 0,0]} Re5+ {[%eval
1,0]} 37. Kf3 {[%eval 4,0]} Re3+ {[%eval 3,0]} 38. Kf2 {[%eval 0,0]} Ke5 {
[%eval 0,0]} 39. Re2 {[%eval 7,0]} Rxe2+ {[%eval 11,0]} 40. Kxe2 {[%eval 1,0]}
Rb8 {[%eval 5,0]} 41. Rb1 {[%eval 5,0]} Rb3 {[%eval 4,0]} 42. Kd2 {[%eval 8,0]}
d3 {[%eval 5,0]} 43. Ke3 {[%eval 6,0]} f5 {[%eval 1,0]} 44. Re1 {[%eval 6,0]}
Kd5 {[%eval 0,0]} 45. Rd1 {[%eval 0,0]} Ke5 {[%eval 0,0]} 46. Rxd3 {[%eval 0,0]
} Rxb2 {[%eval 0,0]} 47. Rd2 {[%eval 0,0]} Rxd2 {[%eval 0,0]} 48. Kxd2 {
[%eval 0,0]} Kd4 {[%eval 0,0]} 49. Ke2 {[%eval 0,0]} Ke4 {[%eval 0,0]} 50. Kf2
{[%eval 0,0]} Kd3 {[%eval 0,0]} 51. Kf3 {[%eval 0,0]} g5 {[%eval 0,0]} 52. h3 {
[%eval 0,0]} Kd4 {[%eval 0,0]} 53. Ke2 {[%eval 0,0]} Ke4 {[%eval 0,0]} 54. Kf2
{[%eval 0,0]} g4 {[%eval 0,0]} 55. hxg4 {[%eval 0,0]} fxg4 {[%eval 0,0]} 56.
Ke2 {[%eval 0,0]} h6 {[%eval 0,0]} 57. Kd2 {[%eval 0,0]} Kd4 {[%eval 0,0]} 58.
Ke2 {[%eval 0,0]} Ke4 {[%eval 0,0]} 59. Kd2 {[%eval 0,0]} Kd4 {[%eval 0,0]} 60.
Ke2 {[%eval 0,0]} 1/2-1/2

[Event "37th Reykjavik op"]
[Site "Reykjavik ISL"]
[Date "2024.03.16"]
[Round "2.41"]
[White "Shivika, Rohilla"]
[Black "Throstur, Thorhallsson"]
[WhiteElo "2003"]
[BlackElo "2388"]
[Result "0-1"]
[EventDate "2024.03.15"]
[PlyCount "85"]

1. a3 {[%eval 11,0]} Nf6 {[%eval 0,0]} 2. Nf3 {[%eval 0,0]} g6 {[%eval 2,0]} 3.
b4 {[%eval 0,0]} Bg7 {[%eval 4,0]} 4. Bb2 {[%eval 1,0]} d5 {[%eval 9,0]} 5. e3
{[%eval 0,0]} O-O {[%eval 8,0]} 6. Be2 {[%eval 2,0]} a5 {[%eval 0,0]} 7. d4 {
[%eval 41,0]} c6 {[%eval 4,0]} 8. Nbd2 {[%eval 9,0]} axb4 {[%eval 11,0]} 9.
axb4 {[%eval 2,0]} Rxa1 {[%eval 18,0]} 10. Qxa1 {[%eval 18,0]} Bf5 {[%eval 17,
0]} 11. c4 {[%eval 12,0]} Ne4 {[%eval 16,0]} 12. O-O {[%eval 17,0]} Nxd2 {
[%eval 18,0]} 13. Nxd2 {[%eval 13,0]} Nd7 {[%eval 28,0]} 14. Nb3 {[%eval 0,0]}
Qa8 {[%eval 3,0]} 15. cxd5 {[%eval 14,0]} cxd5 {[%eval 17,0]} 16. Rc1 {[%eval
11,0]} Nb6 {[%eval 46,0]} 17. Qxa8 {[%eval 14,0]} Rxa8 {[%eval 14,0]} 18. Na5 {
[%eval 12,0]} Na4 {[%eval 8,0]} 19. Ba3 {[%eval 5,0]} e5 {[%eval 9,0]} 20. Bb5
{[%eval 0,0]} Nb6 {[%eval 6,0]} 21. Bb2 {[%eval 8,0]} exd4 {[%eval 5,0]} 22.
Bxd4 {[%eval 0,0]} Bxd4 {[%eval 9,0]} 23. exd4 {[%eval 0,0]} Rc8 {[%eval 22,0]}
24. Rc5 {[%eval 42,0]} Ra8 {[%eval 47,0]} 25. h4 {[%eval 24,0]} Nc4 $6 {
[%eval 97,0] Inaccuracy. Kf8 was best.} (25... Kf8) 26. Nxb7 {[%eval 94,0]}
Ra1+ {[%eval 103,0]} 27. Kh2 {[%eval 86,0]} Rb1 {[%eval 111,0]} 28. Na5 $6 {
[%eval 38,0] Inaccuracy. Bxc4 was best.} (28. Bxc4 dxc4 29. Nd6 Rxb4 30. Rxc4
Rb2 31. Nxf5 gxf5 32. Kg3 f4+ 33. Kf3 Rd2 34. h5 Kg7) 28... Rxb4 {[%eval 32,0]}
29. Nc6 {[%eval 3,0]} Rb2 {[%eval 33,0]} 30. Ne7+ {[%eval 22,0]} Kf8 {[%eval
34,0]} 31. Nxf5 {[%eval 3,0]} gxf5 {[%eval 31,0]} 32. Rxd5 {[%eval 23,0]} Na3
$6 {[%eval 106,0] Inaccuracy. Nb6 was best.} (32... Nb6 33. Rxf5 Rb4 34. Bc6
Rxd4 35. Kg3 Nc8 36. Rd5 Rxd5 37. Bxd5 Ne7 38. Bb7 Kg7 39. Kf4) 33. Bd3 {
[%eval 117,0]} Rxf2 $4 {[%eval 312,0] Blunder. Rd2 was best.} (33... Rd2 34.
Bxf5) 34. Ra5 {[%eval 304,0]} Nc2 {[%eval 257,0]} 35. Ra2 {[%eval 272,0]} Rxg2+
$2 {[%eval 512,0] Mistake. Rf4 was best.} (35... Rf4 36. Bxc2 Rxh4+ 37. Kg3
Rg4+ 38. Kf3 Rxd4 39. Ra5 h6 40. Rxf5 Kg7 41. Kg3 Rd6 42. Bb3) 36. Kxg2 {
[%eval 507,0]} Ne1+ {[%eval 502,0]} 37. Kg3 {[%eval 501,0]} Nxd3 {[%eval 507,0]
} 38. Rd2 {[%eval 496,0]} Nc1 {[%eval 551,0]} 39. Kf4 {[%eval 537,0]} Nb3 {
[%eval 533,0]} 40. Rd3 {[%eval 504,0]} Na5 {[%eval 546,0]} 41. Rc3 {[%eval 564,
0]} Ke7 {[%eval 505,0]} 42. Kxf5 {[%eval 613,0]} Kd6 {[%eval 629,0]} 43. Kf6 {
[%eval 673,0]} 0-1